000 00325nam a2200145Ia 4500
008 150201s1991 xx 000 0 und d
082 _a617.6
_bE91G
100 _aGROOMAN,GK
245 _aENDODONTIC PRACTICE
250 _a10TH
260 _bVAGHESE
_aBOMBY
_c1991
300 _a1-371
650 _aDENTISTRY
942 _2ddc
_cBK
999 _c400
_d400